LIBRARY & INFORMATION CENTRE, KCAET, TAVANUR

ONLINE PUBLIC ACCESS CATALOGUE (OPAC)

Foot and mouth Disease of animals in India / (Record no. 12387)

MARC details
000 -LEADER
fixed length control field 00442cam a2200157ua 4500
041 ## - LANGUAGE CODE
Language code of text/sound track or separate title eng
082 ## - DEWEY DECIMAL CLASSIFICATION NUMBER
Classification number 636.0896
Item number DHA/FO
100 ## - MAIN ENTRY--AUTHOR NAME
Personal name Dhanda, M .R .
245 ## - TITLE STATEMENT
Title Foot and mouth Disease of animals in India /
260 ## - PUBLICATION, DISTRIBUTION, ETC. (IMPRINT)
Place of publication New Delhi :
Name of publisher Indian Council for Agricultural Research ,
Year of publication 1998.
300 ## - PHYSICAL DESCRIPTION
Number of Pages 36 ; .
700 1# - ADDED ENTRY--PERSONAL NAME
Personal name Gopalakrishnan, V.R .
942 ## - ADDED ENTRY ELEMENTS (KOHA)
Koha item type Books
Holdings
Withdrawn status Lost status Damaged status Home library Current library Date acquired Full call number Accession Number Koha item type
      KAUAET KAUAET 07/04/2012 636.0896 20854 Books
free website counter